[Event "24.Schlosspark-Open"]
[Site "Wiesbaden-Biebrich"]
[Date "2012.08.24"]
[Round "2.78"]
[White "Happel, Jonas"]
[Black "Triantafillidis, Simeon"]
[Result "1-0"]
[WhiteElo "1758"]
[BlackElo "1231"]
[PlyCount "67"]
[EventDate "2012.??.??"]
[WhiteTeam "SV 1920 Hofheim"]
[BlackTeam "SF HN-Biberach 1978 e.V."]

1. d4 d5 2. Nf3 Bf5 3. e3 Nf6 4. c4 e6 5. Qb3 Be4 6. Qxb7 dxc4 7. Qb5+ Qd7 8.
Qxd7+ Nbxd7 9. Nbd2 Bxf3 10. Nxf3 Bb4+ 11. Bd2 Rb8 12. Rb1 Bxd2+ 13. Nxd2 c3
14. Nb3 cxb2 15. Rxb2 a5 16. Rc2 a4 17. Nd2 Rc8 18. Ba6 Rd8 19. Rxc7 O-O 20.
O-O Ra8 21. Bb5 Nb6 22. Rc6 Nbd5 23. a3 Ra5 24. Bd3 Rb8 25. Rfc1 Raa8 26. Ne4
Nxe4 27. Bxe4 f5 28. Bf3 g5 29. Rxe6 Ra5 30. Re5 Rd8 31. Rxf5 h6 32. e4 Ne3 33.
Rxa5 g4 34. Be2 1-0

[Event "24.Schlosspark-Open"]
[Site "Wiesbaden-Biebrich"]
[Date "2012.08.24"]
[Round "2.79"]
[White "Troeger, Beate"]
[Black "Doerjer, Gerhard"]
[Result "1-0"]
[WhiteElo "1309"]
[BlackElo "1752"]
[PlyCount "53"]
[EventDate "2012.??.??"]
[WhiteTeam "Vorw.Orient Mainz"]
[BlackTeam "vereinslos"]

1. f4 e5 2. fxe5 d6 3. exd6 Bxd6 4. Nf3 g5 5. g3 Nc6 6. d4 h6 7. Qd3 Nb4 8.
Qe4+ Ne7 9. Na3 f5 10. Qe3 f4 11. gxf4 Nbd5 12. Qb3 Nxf4 13. Ne5 Be6 14. Qa4+
c6 15. Bxf4 gxf4 16. O-O-O Nd5 17. c4 Ne3 18. Rd3 Qh4 19. Nf3 Qf2 20. d5 Bd7
21. dxc6 Bxc6 22. Qa5 Bxf3 23. Rxd6 O-O 24. exf3 Nxf1 25. Qd5+ Kg7 26. Rd7+ Kg6
27. Qe6+ 1-0

[Event "24.Schlosspark-Open"]
[Site "Wiesbaden-Biebrich"]
[Date "2012.08.24"]
[Round "2.80"]
[White "Bratmann, Marc"]
[Black "Melzig, Leon"]
[Result "1-0"]
[WhiteElo "1746"]
[BlackElo "1006"]
[PlyCount "43"]
[EventDate "2012.??.??"]
[WhiteTeam "SAbt TuS Dotzheim"]
[BlackTeam "SF HN-Biberach 1978 e.V."]

1. e4 e5 2. Nc3 Nf6 3. f4 Nc6 4. Nf3 Bd6 5. Bc4 h6 6. d4 exd4 7. Nxd4 O-O 8.
O-O Re8 9. e5 Bc5 10. Nce2 Nh5 11. Kh1 d5 12. Nxc6 bxc6 13. Bd3 Bg4 14. Qe1 f6
15. Ng3 Nxg3+ 16. Qxg3 Bc8 17. Qg6 Kf8 18. Qh7 Bd4 19. c3 Bc5 20. Bg6 Re6 21.
Qh8+ Ke7 22. Qxg7# 1-0

[Event "24.Schlosspark-Open"]
[Site "Wiesbaden-Biebrich"]
[Date "2012.08.24"]
[Round "2.81"]
[White "Goldhausen, Nina"]
[Black "Stecken, Olaf"]
[Result "0-1"]
[WhiteElo "1088"]
[BlackElo "1741"]
[PlyCount "58"]
[EventDate "2012.??.??"]
[WhiteTeam "SC 1979 Hattersheim"]
[BlackTeam "SC Landskrone"]

1. e4 e6 2. d4 d5 3. exd5 exd5 4. Nf3 Bg4 5. Bd3 Nf6 6. Nbd2 Bd6 7. O-O O-O 8.
Re1 Re8 9. Rxe8+ Qxe8 10. Qe2 Qd7 11. h3 Bh5 12. c3 Nc6 13. Qd1 Re8 14. Qc2 Bf4
15. b3 Bxd2 16. Nxd2 Re1+ 17. Nf1 Qe8 18. f3 a6 19. Qd2 Bg6 20. Bxg6 fxg6 21.
a4 Na5 22. Rb1 Nh5 23. Qf2 b6 24. b4 Nc4 25. Kh2 Re2 26. Qg1 Rc2 27. Ne3 Nxe3
28. Bxe3 Rxc3 29. Bd2 Rd3 0-1

[Event "24.Schlosspark-Open"]
[Site "Wiesbaden-Biebrich"]
[Date "2012.08.24"]
[Round "2.82"]
[White "Diener, Carolin Valeria"]
[Black "Gießelbach, Christian"]
[Result "1-0"]
[WhiteElo "1739"]
[BlackElo "1066"]
[PlyCount "49"]
[EventDate "2012.??.??"]
[WhiteTeam "Sfr.1891 Friedberg"]
[BlackTeam "SAbt TuS Dotzheim"]

1. e4 c6 2. d4 d5 3. f3 g6 4. Nc3 Bg7 5. Be3 Qb6 6. Rb1 e5 7. Nge2 Ne7 8. Qd2
O-O 9. dxe5 Qc7 10. exd5 cxd5 11. f4 Rd8 12. Nd4 a6 13. Be2 Nbc6 14. O-O Nxd4
15. Bxd4 Bf5 16. Bf3 Qc6 17. Qe2 Bh6 18. Qd2 Bg7 19. Rfd1 Be4 20. Bxe4 dxe4 21.
Qe2 Nf5 22. Bf2 Bh6 23. g3 Bf8 24. Qxe4 Qc7 25. Nd5 1-0

[Event "24.Schlosspark-Open"]
[Site "Wiesbaden-Biebrich"]
[Date "2012.08.24"]
[Round "2.83"]
[White "Viol, Julius"]
[Black "Uhl, Patrick"]
[Result "0-1"]
[WhiteElo "846"]
[BlackElo "1739"]
[PlyCount "132"]
[EventDate "2012.??.??"]
[WhiteTeam "FC 1934 Wiesbaden-Bierstadt"]
[BlackTeam "Sfr.Bitburg 1958"]

1. c4 c5 2. g3 Nc6 3. d3 g6 4. Bg2 Bg7 5. e4 e5 6. Ne2 Nge7 7. O-O O-O 8. Nbc3
d6 9. h3 h6 10. f4 f5 11. Rb1 Nd4 12. Nxd4 cxd4 13. Nd5 Kh8 14. Bd2 Nxd5 15.
cxd5 fxe4 16. dxe4 Qb6 17. Kh2 Bd7 18. Qb3 Qxb3 19. axb3 a5 20. fxe5 dxe5 21.
Rxf8+ Bxf8 22. Ra1 b6 23. Rf1 Kg7 24. g4 Rc8 25. Rc1 Rxc1 26. Bxc1 Bb4 27. g5
h5 28. h4 Bb5 29. Bf3 Be1 30. Kh3 Bf1+ 31. Kh2 d3 32. Be3 Bxh4 33. d6 Kf7 34.
Bd2 Ke6 35. Kg1 Bh3 36. Kh2 Bf1 37. Kg1 Be2 38. Bh1 Kxd6 39. Kg2 Bg4 40. Kh2
Kc5 41. Kg1 Kd4 42. Kh2 Be6 43. Bg2 Bxb3 44. Bf1 Kxe4 45. Bxd3+ Kxd3 46. Bc3 e4
47. Be5 Bxg5 48. Bg3 e3 49. Be1 e2 50. Kg2 Bd2 51. Bf2 e1=Q 52. Bxe1 Bxe1 53.
Kf1 Bg3 54. Kg2 h4 55. Kg1 h3 56. Kf1 h2 57. Kg2 Bd5+ 58. Kxg3 h1=Q 59. Kf4
Qf3+ 60. Ke5 g5 61. Kd6 g4 62. b4 g3 63. b5 g2 64. Ke5 g1=Q 65. Kd6 Qc5+ 66.
Ke5 Qe7# 0-1

[Event "24.Schlosspark-Open"]
[Site "Wiesbaden-Biebrich"]
[Date "2012.08.24"]
[Round "2.84"]
[White "Pade, Joachim"]
[Black "Nam, Seung-Zin"]
[Result "1-0"]
[WhiteElo "1737"]
[BlackElo "714"]
[PlyCount "83"]
[EventDate "2012.??.??"]
[WhiteTeam "Sfr. Anderssen Wetzlar"]
[BlackTeam "SF Schwarz-Weiß Merzhausen"]

1. e4 c5 2. Nf3 d6 3. Bb5+ Bd7 4. Bxd7+ Qxd7 5. O-O Nf6 6. Re1 e5 7. c3 Be7 8.
d4 Nc6 9. d5 Na5 10. Qe2 b5 11. h3 O-O 12. b3 Rfc8 13. Bb2 c4 14. b4 Nb7 15.
Nbd2 a5 16. a3 axb4 17. axb4 Ne8 18. Nh2 f5 19. f3 Bh4 20. Rf1 Nf6 21. g4 f4
22. Qg2 Qd8 23. Kh1 Qb6 24. Rfd1 Ra4 25. Rxa4 bxa4 26. Ndf1 Ra8 27. Ba3 g5 28.
Qe2 Rc8 29. Qc2 Ra8 30. Rb1 h5 31. Rd1 hxg4 32. Nxg4 Ne8 33. Nh6+ Kg7 34. Nf5+
Kf7 35. Rd2 Nc7 36. Rg2 Nb5 37. Bb2 a3 38. Ba1 Kf6 39. Nh2 Be1 40. Rxg5 Bxc3
41. Rg7 Nd4 42. Ng4# 1-0

[Event "24.Schlosspark-Open"]
[Site "Wiesbaden-Biebrich"]
[Date "2012.08.24"]
[Round "2.85"]
[White "Schreer, Maxima"]
[Black "Puzzo, Peter"]
[Result "0-1"]
[WhiteElo "674"]
[BlackElo "1732"]
[PlyCount "78"]
[EventDate "2012.??.??"]
[WhiteTeam "SV 1920 Hofheim"]
[BlackTeam "Sfr. Frankfurt 1921"]

1. e4 e6 2. Nf3 d5 3. d3 dxe4 4. Nfd2 exd3 5. Bxd3 Nf6 6. O-O Be7 7. Nc3 O-O 8.
Nf3 Nbd7 9. Bf4 Bd6 10. Bxd6 cxd6 11. h3 a6 12. b4 b5 13. a3 Bb7 14. Qe2 Qb6
15. Ne4 Nxe4 16. Bxe4 Bxe4 17. Qxe4 Nf6 18. Qd3 Rac8 19. Ng5 h6 20. Ne4 Nxe4
21. Qxe4 Rc4 22. Qd3 Rfc8 23. Rac1 Rc3 24. Qe4 d5 25. Qe2 Rxa3 26. Rfd1 Rac3
27. Rd3 Qd6 28. Rxc3 Rxc3 29. Rb1 Qc7 30. Rb2 Qf4 31. g3 Qc1+ 32. Kg2 Qxb2 33.
Qd2 Rxc2 34. Qe1 Rc4 35. h4 Qxb4 36. Qa1 a5 37. Qa2 Rc1 38. Qe2 Qe4+ 39. Kh3
Rh1# 0-1